Miesto emócií v marketingu a ich význam v modeli ELM

Miesto emócií v marketingu. Integrácia emócií do marketingovej činnosti podniku. Význam emócií v modeli ELM. Charakteristika modelu ELM.

Gespeichert in:
Bibliographische Detailangaben
1. Verfasser: Kita, Pavol
Format: Buchkapitel
Sprache:Slowakisch
Schlagworte:
Tags: Tag hinzufügen
Keine Tags, Fügen Sie das erste Tag hinzu!

MARC

LEADER 00000nla$a2200000$$$4500
001 0120600
005 20240502072347.2
041 0 |a slo 
044 |a SK 
245 1 0 |a Miesto emócií v marketingu a ich význam v modeli ELM  |c Pavol Kita 
520 |a Miesto emócií v marketingu. Integrácia emócií do marketingovej činnosti podniku. Význam emócií v modeli ELM. Charakteristika modelu ELM. 
610 2 0 |a marketing 
610 2 0 |a komunikácia marketingová 
610 2 0 |a zákazníci 
610 2 0 |a modely 
610 2 0 |a psychológia 
610 2 0 |a stratégia marketingová 
100 1 |a Kita, Pavol